000 00498nam a2200181Ia 4500
005 20250508151721.0
008 008 250505s9999 xx 000 0 eng d
037 _aTextual
040 _aFEDL
_beng
_cFEDL
041 _aeng
_2eng
084 _a371.3, VER
_qFEDL
100 _aVerma I B
245 0 _aLectures on principles of education general methods of teaching
300 _a225p.
650 _aTeaching Technique
942 _cTEXL
_h371.3, VER
999 _c1331648
_d1331648